000 00299nam a22001337a 4500
008 170727b xxu||||| |||| 00| 0 eng d
020 _a9780130324016
041 _aeng
080 _a004
100 _a31
101 _aSHK
245 _aMICROSOFT OFFICE FOR TEACHERS
_cFEWELL,P.J
942 _2udc
_cBK
999 _c21984
_d21984